Warrior Cats Main Characters - Statistics

General Stats
  • This quiz has been taken 126 times
  • The average score is 14 of 23
Answer Stats
Answer % Correct
Firestar firepaw
96%
Brambleclaw
83%
Jayfeather
82%
Squirrelflight squirrelpaw
81%
Lionblaze
79%
Hollyleaf
78%
Dovewing
76%
Leafpool
74%
Alderheart
62%
Bristlefrost
55%
Shadowsight
54%
Twigbranch
54%
Rootspring
53%
Violetshine
51%
Frostpaw frostdawn
48%
Clear sky
45%
Nightheart
44%
Gray wing
43%
Sunbeam
42%
Thunder
41%
Moonpaw
40%
Tawnypelt
38%
Leafstar
35%
No matching quizzes found
Score Distribution
Percent of People with Each Score
Percentile by Number Answered
Your Score History
You have not taken this quiz